| 000 | 00689nam a2200229 a 4500 | ||
|---|---|---|---|
| 999 |
_c6112 _d6112 |
||
| 001 | 6112 | ||
| 003 | BD-JhCC | ||
| 005 | 20180102101944.0 | ||
| 008 | 180101s1975 bg |||| |||| 000 0 ben d | ||
| 035 | _a(BD-JhCC) 6112 | ||
| 040 |
_aBD-JhCC _dBD-JhCC |
||
| 041 | _aben | ||
| 082 |
_a297.18 _bRAH 1975 |
||
| 100 | _aরহমান, কাজী আনিসুর | ||
| 245 |
_aহযরত আছিয়া / _c কাজী আনিসুর রহমান |
||
| 260 |
_aঢাকা: _bরহমানিয়া লাইব্রেরী , _c1975 |
||
| 300 |
_a141 p .: _c22 cm . |
||
| 600 | _aHazrat Asia | ||
| 650 | _aMuslim legend, | ||
| 942 |
_2ddc _cBK |
||